000 00615nam a2200229Ia 4500
003 OSt
005 20220928104243.0
006 a|||||r|||| 00| 0
007 ta
008 220927b |||||||| |||| 00| 0 eng d
024 _a31821
037 _cTextual
040 _aSDCL
_cSDCL
_beng
041 _2eng
_aeng
082 _aO152vN5, J8
100 _aChandrawati Singh
_9409834
245 0 _aHindi sahitya me jeevan- charita ka vikas.
260 _aAllahbad
_bIndian Press
_c1958
300 _a275p.
_ccm.
942 _hO152vN5, J8
_cTEXL
_2CC
999 _c725402
_d725402